NBA Players by Number - Statistics

General Stats
  • This quiz has been taken 1,150 times
  • The average score is 9 of 57
Answer Stats
# Answer % Correct
0 Nickeil Alexander-Walker | Kadeem Allen | Trevor Ariza | Miles Bridges | Terence Davis | Donte DiVincenzo | Andre Drummond | Brandon Goodwin | Kyle Kuzma | Jalen Lecque | Meyers Leonard | Damian Lillard | Kevin Love | Jeremiah Martin | De'Anthony Melton | David Nwaba | Josh Richardson | D'Angelo Russell | Jayson Tatum | Jeff Teague | Russell Westbrook | Coby White | Nigel Williams-Goss
93%
3 Grayson Allen | OG Anunoby | Bradley Beal | Chris Clemons | Antonius Cleveland | Torrey Craig | Anthony Davis | Andre Drummond | Yogi Ferrell | Maurice Harkless | Shaquille Harrison | Josh Hart | George Hill | Aaron Holiday | Kevin Huerter | Keldon Johnson | CJ McCollum | Kelly Oubre | Chris Paul | Jordan Poole | Terry Rozier | Jarred Vanderbilt | Justin Wright-Foreman
59%
00 Carmelo Anthony | Jordan Clarkson | Aaron Gordon | Rodions Kurucs | Jeff Teague
55%
23 Sterling Brown | Trey Burke | Jarrett Culver | Terrance Ferguson | Draymond Green | Blake Griffin | Marko Guduric | LeBron James | Cameron Johnson | Vic Law | Royce O'Neale | Josh Reaves | Mitchell Robinson | Fred VanVleet | Lou Williams
53%
2 Al-Farouq Aminu | Lonzo Ball | Jordan Bell | Willie Cauley-Stein | Quinn Cook | Wayne Ellington | Shai Gilgeous-Alexander | Treveon Graham | Joe Ingles | Luke Kornet | Kawhi Leonard | Elie Okobo | Taurean Prince | Collin Sexton | Gary Trent | Gabe Vincent | Paul Watson | Marvin Williams
50%
1 Kyle Anderson | Devin Booker | Kentavious Caldwell-Pope | Dante Exum | Jonathan Isaac | Reggie Jackson | Courtney Lee | Damion Lee | Malik Monk | Theo Pinson | Michael Porter | Bobby Portis | Jerome Robinson | Admiral Schofield | Mike Scott | Anfernee Simons | Evan Turner | Noah Vonleh | Lonnie Walker | T.J. Warren | Paul Watson | Zion Williamson
46%
30 Deonte Burton | Seth Curry | Stephen Curry | Troy Daniels | Damian Jones | Furkan Korkmaz | Kelan Martin | Julius Randle | Chris Silva
45%
11 Avery Bradley | James Ennis | Dante Exum | Bryn Forbes | Tim Hardaway | Maurice Harkless | Jrue Holiday | Kyrie Irving | Amile Jefferson | Enes Kanter | Brook Lopez | Cody Martin | Monte Morris | Abdel Nader | Frank Ntilikina | Shamorie Ponds | Naz Reid | Ricky Rubio | Domantas Sabonis | Dion Waiters | Trae Young
34%
13 Bam Adebayo | Tony Bradley | Jalen Brunson | Thomas Bryant | Dewayne Dedmon | Paul George | James Harden | Jaren Jackson | B.J. Johnson | Malcolm Miller | Marcus Morris | Džanan Musa | Shabazz Napier | Justin Patton | Khyri Thomas | Tristan Thompson
32%
77 DeMarre Carroll | Luka Dončić | Vincent Poirier
31%
34 Giannis Antetokounmpo | Wendell Carter | C.J. Miles | Kenrich Williams
25%
12 Steven Adams | LaMarcus Aldridge | Ky Bowman | Oshae Brissett | Gary Clark | Jacob Evans | Tim Frazier | Daniel Gafford | Treveon Graham | Jared Harper | Joe Harris | Tobias Harris | De'Andre Hunter | Ja Morant | Jerome Robinson | Derrick Walton | Grant Williams
23%
15 Clint Capela | Vince Carter | Brandon Clarke | Kevin Hervey | Chandler Hutchison | Frank Jackson | Nikola Jokić | Stanton Kidd | Daryl Macon | Frank Mason | Naz Mitrou-Long | Johnathan Motley | Emmanuel Mudiay | Mychal Mulder | Quinndary Weatherspoon
21%
99 Jae Crowder | Tacko Fall
21%
5 Mohamed Bamba | J.J. Barea | Will Barton | Nicolas Batum | Malik Beasley | Marques Bolden | Jarrell Brantley | Bruno Caboclo | Gorgui Dieng | Luguentz Dort | De'Aaron Fox | Josh Gray | Dusty Hannahs | Montrezl Harrell | Rodney Hood | Talen Horton-Tucker | Stanley Johnson | Derrick Jones | Luke Kennard | Kevon Looney | Dejounte Murray | Shabazz Napier | Jabari Parker | Justin Robinson | Dennis Smith | Zhaire Smith | Edmond Sumner | D.J. Wilson
21%
22 Deandre Ayton | Jimmy Butler | Derrick Favors | Rudy Gay | Jeff Green | Devon Hall | Richaun Holmes | T.J. Leaf | Caris LeVert | Patrick McCaw | Khris Middleton | Larry Nance | Otto Porter | Cam Reddish | Glenn Robinson | Isaiah Roby | Matisse Thybulle | Andrew Wiggins
20%
4 Charlie Brown | Moses Brown | Jevon Carter | Alex Caruso | Chris Chiozza | Carsen Edwards | Henry Ellenson | Devonte' Graham | JaMychal Green | Rondae Hollis-Jefferson | Danuel House | Josh Magette | Paul Millsap | Jaylen Nowell | KZ Okpala | Victor Oladipo | Kevin Porter | J.J. Redick | Omari Spellman | Isaiah Thomas | Derrick White
19%
7 Dwayne Bacon | Darius Bazley | Jordan Bell | Malcolm Brogdon | Jaylen Brown | Michael Carter-Williams | Amir Coffey | Goran Dragić | Kyle Guy | Ersan İlyasova | Kyle Lowry | Thon Maker | JaVale McGee | Chimezie Metu | Eric Paschall | Mason Plumlee | Dwight Powell
18%
21 Patrick Beverley | Wilson Chandler | Tyler Cook | Damyean Dotson | Joel Embiid | Michael Frazier | Tyus Jones | Zach Norvell | Matt Thomas | Moritz Wagner | Hassan Whiteside | Thaddeus Young
15%
8 Trevor Ariza | Bismack Biyombo | Bogdan Bogdanović | Alec Burks | Jordan Clarkson | Robert Covington | Spencer Dinwiddie | Danilo Gallinari | Rui Hachimura | Maurice Harkless | Justin Holiday | Frank Kaminsky | Zach LaVine | Patty Mills | Markieff Morris | Emmanuel Mudiay | Jahlil Okafor | Terrence Ross | Kemba Walker | Tyrone Wallace | Trae Young
14%
10 Justin Anderson | Dragan Bender | Brian Bowen | Mike Conley | DeMar DeRozan | Jared Dudley | Jacob Evans | Dorian Finney-Smith | Evan Fournier | Darius Garland | Eric Gordon | Jaxson Hayes | Justin James | Ty Jerome | Jake Layman | Caleb Martin | Iman Shumpert | Derrick Walton
13%
14 D.J. Augustin | Dewayne Dedmon | Cheick Diallo | Gorgui Dieng | Drew Eubanks | Danny Green | Gary Harris | Tyler Herro | Brandon Ingram | Michael Kidd-Gilchrist | Louis King | Terance Mann | Malik Newman | Norvel Pelle | JaKarr Sampson | Ish Smith | Allonzo Trier
12%
9 RJ Barrett | DeMarre Carroll | Chris Chiozza | Allen Crabbe | Langston Galloway | Jerami Grant | Willy Hernangómez | Serge Ibaka | Cory Joseph | Michael Kidd-Gilchrist | Nassir Little | Timothé Luwawu-Cabarrot | Wesley Matthews | T.J. McConnell | Nerlens Noel | Jahlil Okafor | Kelly Olynyk | Kyle O'Quinn | Rajon Rondo | Nikola Vučević | Brad Wanamaker
11%
27 Rudy Gobert | Jamal Murray | Daniel Theis
11%
6 Keita Bates-Diop | Eric Bledsoe | Bruce Brown | Troy Brown | Gary Clark | Hamidou Diallo | Cristiano Felício | Jaylen Hoard | DeAndre Jordan | Jalen McDaniels | Jordan McLaughlin | Elfrid Payton | Kristaps Porziņģis | Alen Smailagić | Rayjon Tucker | Jarred Vanderbilt
10%
25 Malik Beasley | Chris Boucher | Mikal Bridges | Reggie Bullock | Wesley Iwundu | Mfiondu Kabengele | Alex Len | Kendrick Nunn | Jakob Poeltl | Chasson Randle | Austin Rivers | Derrick Rose | Ben Simmons | P.J. Washington
10%
45 Ryan Broekhoff | Zylan Cheatham | Sekou Doumbouya | Romeo Langford | Donovan Mitchell | Denzel Valentine
10%
20 Alec Burks | John Collins | Markelle Fultz | Harry Giles | Gordon Hayward | Dewan Hernandez | Josh Jackson | Brandon Knight | Kevin Knox | Doug McDermott | Nicolò Melli | Adam Mokoka | Josh Okogie | Jeremy Pargo | Gary Payton | Dario Šarić | Landry Shamet | Marvin Williams | Justise Winslow
6%
24 Kent Bazemore | Khem Birch | Dillon Brooks | Pat Connaughton | Joel Embiid | Bruno Fernando | Buddy Hield | Alize Johnson | Lauri Markkanen | Garrison Mathews | Miye Oni | Mason Plumlee | Norman Powell | Karl-Anthony Towns
6%
32 Marquese Chriss | Kris Dunn | Wenyen Gabriel | Jeff Green | Karl-Anthony Towns | Noah Vonleh | Dean Wade
6%
42 Dāvis Bertāns | Donta Hall | Al Horford | Maxi Kleber | Robin Lopez | Eric Mika
5%
17 Dragan Bender | Isaac Bonga | Ignas Brazdeikis | Ed Davis | Skal Labissière | Dennis Schröder | Tony Snell | Garrett Temple | P.J. Tucker | Jonas Valančiūnas
5%
36 Marcus Smart
5%
43 Thanasis Antetokounmpo | Jonah Bolden | Javonte Green | Pascal Siakam | Anthony Tolliver
5%
95 DeAndre' Bembry | Juan Toscano-Anderson
4%
44 Bojan Bogdanović | Mario Hezonja | Solomon Hill | Justin Jackson | Anthony Tolliver | Robert Williams
3%
39 Dwight Howard
3%
88 Goga Bitadze | Nemanja Bjelica | Markieff Morris
3%
40 Harrison Barnes | Udonis Haslem | Glenn Robinson | Cody Zeller | Ivica Zubac
3%
55 Isaiah Hartenstein | J.P. Macura | E'Twaun Moore | Duncan Robinson | Delon Wright
3%
16 James Johnson | Tyler Johnson | Ben McLemore | Juwan Morgan | Cedi Osman
3%
26 Kent Bazemore | Spencer Dinwiddie | Kyle Korver | Jeremy Lamb
3%
33 Ryan Anderson | Willie Cauley-Stein | Nicolas Claxton | Zach Collins | Robert Covington | Allen Crabbe | Marc Gasol | Mike Muscala | Jabari Parker | Myles Turner
3%
67 Taj Gibson
3%
31 Jarrett Allen | Keita Bates-Diop | Vlatko Čančar | Joe Chealey | John Henson | Matt Mooney | Marcus Morris | Georges Niang | Chandler Parsons | Terrence Ross | Tomáš Satoranský
2%
37 Kostas Antetokounmpo | Semi Ojeleye
2%
35 Marvin Bagley | PJ Dozier | Melvin Frazier | Wenyen Gabriel | Marial Shayok | Christian Wood
2%
51 Ryan Arcidiacono | Boban Marjanović | Tremont Waters
2%
19 Tyson Chandler | DaQuan Jeffries | Rodney McGruder | Sviatoslav Mykhailiuk | Raul Neto | Luka Šamanić | Jarrod Uthoff | Johnathan Williams
2%
46 Aron Baynes | John Konchar
1%
41 Juancho Hernangómez | Trey Lyles | Tariq Owens | Ante Žižić
1%
18 Marco Belinelli | Jordan Bone | Matthew Dellavedova | Shake Milton | Anžejs Pasečņiks | Thabo Sefolosha | Yuta Watanabe
1%
81 Miye Oni
1%
54 Patrick Patterson
1%
28 Quin Cook | Andre Iguodala | Ian Mahinmi | Alfonzo McKinnie | Max Strus
1%
50 Caleb Swanigan
0%
52 William Howard | Jordan McRae
0%
No matching quizzes found
Score Distribution
Percent of People with Each Score
Percentile by Number Answered
Your Score History
You have not taken this quiz